Every EToH Tower [READ DESCRIPTION] - Statistics

General Stats
  • This quiz has been taken 513 times
    263 since last reset
  • The average score is 192 of 403
Answer Stats
Answer % Correct
Tower of Genesis
95%
Tower of Anger
92%
Tower of Madness
92%
Tower of Watts
91%
Tower of Buttons
89%
Tower of Confusion
89%
Tower of Elysium
89%
Tower of Traps
89%
Tower of Inception
88%
Tower of Killjoys
88%
Tower of Peace
88%
Tower of Rage
88%
Tower of Despair
86%
Tower of Hecc
86%
Tower of Niflheim
86%
Tower of Stress
85%
Tower of Fatness
84%
Tower of Oblivion
84%
Tower of Versatility
84%
Tower of Angled Scenery
82%
Tower of Linonophobia
82%
Tower of Jazz
81%
Tower of Yore
81%
Tower of Keyboard Yeeting
80%
Tower of Ultraviolet
80%
Citadel of Laptop Splitting
78%
Citadel of Lethargy
78%
Citadel of Wacky Strategy
77%
Tower of Deep Darkness
77%
Tower of True Skill
77%
Maybe A Tower
76%
Tower of A Simple Time
76%
Tower of Eternal Suffering
76%
Tower of Infinity Gauntlet
76%
Tower of Zespluz
76%
Citadel of Victory
74%
Not Even A Tower
74%
Tower of Difficulty Chart
74%
Tower of Impossible Expectations
73%
Tower of Overcoming Hatred
73%
Tower of Phone Snapping
73%
Tower of Screen Punching
73%
Tower of Noticeable Infuriation
72%
Tower of Augmented Misery
70%
Tower of Distorted Aerodynamics
70%
Tower of Motion Evolution
70%
Tower of Shattered Dreams
70%
Tower of Table Flipping
70%
Tower of Winning Every Run
70%
Citadel of Heights and Depths
69%
Tower of Big Hole
69%
Tower of Champion's Road
69%
Tower of Nervous Sweating
69%
Tower of Tokyo Heights
69%
Tower of Broken Bricks
68%
Tower of Elongated Runs
68%
Tower of Curved Ascent
66%
Tower of Getting Gnomed
66%
Tower of Leaning Ledges
66%
Tower of Shifting Slopes
66%
Tower of Aamos' Anger
65%
Tower of Critical Damage
65%
Tower of Cruel Punishment
65%
Tower of Dancing All Night
65%
Tower of Extreme Hell
65%
Tower of Frightening Nightmares
65%
Tower of Generation Failure
65%
Tower of Hopeless Hell
65%
Tower of Immense Ire
65%
Citadel of Peril
64%
CItadel of Uneasiness
64%
Tower of Beat Block Berserk
64%
Tower of Bent Trauma
64%
Tower of Cold Hands
64%
Tower of Xanthophobia
64%
Totally A Tower
62%
Tower of Ancient Trickery
62%
Tower of Atlantic Depths
62%
Tower of Corrupted Nightmares
62%
Tower of Floral Fury
62%
Tower of Perilous Antipode
62%
Tower of Thinning Layers
62%
Tower of Vivid Sections
62%
Tower of Bloodthirsty Kenos
61%
Tower of Double Trouble
61%
Tower of Externalizing Insanity
61%
Tower of High Adrenaline
61%
Tower of Icy Blizzards
61%
Tower of Mind Breaking
61%
Tower of Triangular Terror
61%
Tower of Wicked Wedges
61%
Possibly A Tower
59%
Steeple of Climbing
59%
Steeple of Pursuit
59%
Steeple of Waterfall
59%
Tower of Alien Radiance
59%
Tower of Holy Flip
59%
Tower of Impossible Movement
59%
Tower of Inverted Colours
59%
Tower of Nonsensical Platforms
59%
Tower of Somewhat Simple Scaling
59%
Tower of Terrible Mondays
59%
Tower of Terrifying Beauty
59%
Citadel of Scythe Recognition
58%
Tower of Astronomically Aimless Annoyances
58%
Tower of Funny Thoughts
58%
Tower of Increasing Stress
58%
Tower of Lotsa Damage
58%
Tower of Odd Odyssey
58%
Tower of Peaceful Happiness and Tranquility
58%
Tower of Spiralling Heights
58%
Tower of Triangular Covering
58%
Tower of Wall Hugging
58%
Citadel of Weird Nostalgia
57%
Tower of Astral Eclipse
57%
Tower of Extreme Dystopia
57%
Tower of Falling and Failing
57%
Tower of Great Overcomings
57%
Tower of Journey's End
57%
Tower of Micro Management
57%
Tower of Pastel Pillars
57%
Tower of Slight Inconvenience
57%
Tower of Suffering Outside
57%
Tower of Unsettling Heights
57%
Steeple of Towering Pillars
55%
Tower of Boost Mayhem
55%
Tower of Collective Collaboration
55%
Tower of Deep Sighing
55%
Tower of Extraterrestrial Enchantment
55%
Tower of Jolly Good Fun
55%
Tower of Keys To Success
55%
Tower of Kinetic Potential
55%
Tower of Mirrored Hecc
55%
Tower of Raging Tempest
55%
Tower of Strategic Mechanics
55%
Tower of Trivial Resentment
55%
Tower of Twisted Inquisition
55%
Tower of Wildly Wacky Wonders
55%
Citadel of Contrasting Regions
54%
Steeple of Meaningless Decisions
54%
Steeple of Nightfall
54%
Steeple of Overgrowth
54%
Tower of Flustering Sections
54%
Tower of Fractured Memories
54%
Tower of Inevitable Failure
54%
Tower of Orientating Oscillating Opinions
54%
Tower of Tenebrous Depths
54%
Tower of Triple Jeopardy
54%
Citadel of Constant Heart Stopping
53%
Fortunately Not A Tower
53%
Steeple of Descendance
53%
Tower of Descent Into Exile
53%
Tower of Extraordinary Adventures
53%
Tower of Frightening and Confusing Trials
53%
Tower of Slanted Anticipation
53%
Tower of Verdant Entropy
53%
Tower of Wicked Fortress
53%
Tower of Zero Disturbances
53%
Citadel of Green Stuff
51%
Citadel of Quadrilaterals
51%
Tower Not Found
51%
Tower of Dance Dance Destruction
51%
Tower of Dangerous Expeditions
51%
Tower of Nice Views
51%
Tower of Radiant Realms
51%
Tower of Various Pressures
51%
Tower of Wanting Extra Levels
51%
Citadel of Tricky Situations
50%
Not Even A Flower
50%
Steeple of Huge Pain
50%
Tower of Arcanium Zenturing
50%
Tower of Astral Fusion
50%
Tower of Big Blocky Beefy Buttons
50%
Tower of Mean Tasks
50%
Tower of No Strings Attached
50%
Tower of Rock Climbing
50%
Tower of Shadowy Radiance
50%
Tower of Tornado Vehemence
50%
Tower of Uncanny Agony
50%
Will Be A Tower
50%
Steeple of Low Woe
49%
Steeple of Uninstalling Roblox
49%
Tower of Absolute Vexation
49%
Tower of Ancestral Interference
49%
Tower of Aquatic Contemplation
49%
Tower of Contractual Obligations
49%
Tower of Dust and Decay
49%
Tower of Friendly Jumps
49%
Tower of Glitching and Healing
49%
Tower of Insanely Innovative Ideas
49%
Tower of Yearning Victory
49%
Tower of Fractured Obstacles
47%
Tower of Great Displeasure
47%
Tower of Troublesome Adventures
47%
Tower of Ultimately Terrifying
47%
Steeple of Malignant Blight
46%
Tower of Chaotic Moments
46%
Tower of Cracked, Crushed Cubes
46%
Tower of Environmental Pain
46%
Tower of Largely Limited Luminance
46%
Tower of Polychromatic Zero
46%
Tower of Really Nasty Ideas
46%
Tower of Super Stupid Security Systems
46%
Tower of Tallying Every Mistake
46%
Tower of Yearning Success
46%
Steeple of Beginner's Journey
45%
Steeple of Buoyant Automations
45%
Steeple of Devil's Snare
45%
Steeple of Midnight Acropolis
45%
Tower of Climatic Beats
45%
Tower of Compact Spaces
45%
Tower of Empty Meaningless Patterns
45%
Tower of Mechanical Disarray
45%
Tower of Questionable Trials
45%
Tower of The Umbrella, The User
45%
Tower of Blast Power
43%
Tower of Dispersed Rooms
43%
Tower of Downward Mobility
43%
Tower of Excessive Weirdness
43%
Tower of Hands Sweating
43%
Tower of Icy Adventures
43%
Tower of Nothing New
43%
Tower of Obvious Chaos
43%
Tower of Rigid Success
43%
Tower of Rushed Building
43%
Tower of Tee Hee Time
43%
Tower of There Is No Tower
43%
Tower of Traversing The Tropics
43%
Tower of Valiant Verges
43%
Tower of Zany Architecture
43%
Citadel of Inside Situations
42%
Citadel of Overcoming The World's Imperfections
42%
Citadel of True Exasperation
42%
Steeple of Wall Punching
42%
Tower of Complexity and Volatility
42%
Tower of Hollow Reformations
42%
Tower of Overestimating Difficulty
42%
Tower of Panelling Barricades
42%
Tower of Rhythm Heaven
42%
Tower of Rough Endoplasmic Reticulum
42%
Citadel of Pyramid Escapades
41%
Citadel of Twists and Weirdness
41%
Tower of Eye Candy
41%
Tower of Fruity Zeal
41%
Tower of Never Ending Dizziness
41%
Tower of Shallow Waters
41%
Tower of Vibrant Adventures
41%
Citadel of A Cruel Tale
39%
Likely A Tower
39%
Steeple of Various Vivariums
39%
Tower of Elevator Travelling
39%
Tower of Feeling Lazy
39%
Tower of Mach Nine
39%
Tower of Mild Agitation
39%
Tower of Pure Chroma
39%
Tower of Rain On My World
39%
Tower of Sovereign Travelling
39%
Tower of Uneasy Scaling
39%
Tower of White Space
39%
Steeple of Greenhouse Placidity
38%
Tower of Cosmic Tides
38%
Tower of Power Laws
38%
Tower of Six Feet Under
38%
Citadel of Corporate Enterprise
36%
Steeple of Involuntary Isolation
36%
Tower of Forever-Sleeping Flower
36%
Tower of Funky Grooves
36%
Tower of Infuriating Obstacles
36%
Tower of Massive Overheating
36%
Tower of Needing Basic Aptitude
36%
Tower of Never Giving Up, Ever
36%
Tower of Prismatic Instability
36%
Tower of The Dripping Amalgam
36%
Tower of Venomous Resonance
36%
Tower of Viaduct Traversing
36%
Tower of Witchcraft and Wizardry
36%
Far From A Surprising Tower
35%
Steeple of Aquatic Rallies
35%
Tower of A Depressing Future
35%
Tower of Conflicting Frontiers
35%
Tower of Cyclonic Isles
35%
Tower of Heiwana Kaze
35%
Tower of Intense Solar Chaos
35%
Tower of Interstellar Terrarium
35%
Tower of Menacing Creations
35%
Tower of Minus Facility
35%
Tower of No Return
35%
Tower of Slipping and Sliding
35%
Tower of Voluminous Framework
35%
Steeple of Feudal Foilage
34%
Steeple of Infectious Foilage
34%
Steeple of Magical Collaborations
34%
Steeple of Wicked Grotto
34%
Steeple of Xenial Abyss
34%
This Is Probably A Tower
34%
Tower of Latest Sensation
34%
Tower of Lethean Recollection
34%
Tower of One Nine
34%
Tower of Pleasant Fantasies
34%
Tower of Requiring Critical Help
34%
Tower of Uncontrollable Ire
34%
Tower of Bonus Level
32%
Tower of Brief Challenges
32%
Tower of Brutal and Bizarre Torment
32%
Tower of Bygone Relic
32%
Tower of Clandestine Zones
32%
Tower of Dreams and Caverns
32%
Tower of Ground Level Ascension
32%
Tower of Melons In Time
32%
Tower of Overbearing Vertigo
32%
Tower of Whirl of Winds
32%
Citadel of Increasing Claustrophobia
31%
Steeple of Flourishing Wastelands
31%
Steeple of Lost in Quiescence
31%
Tower of Falling Up
31%
Tower of Flame Restoration
31%
Tower of Horrifying Experiences
31%
Tower of House Without Home
31%
Tower of Losing Our Zeal
31%
Tower of Manic Lows
31%
Tower of Sweet Victory
31%
Tower of Unearthed Discoveries
31%
Tower of You're Late For Work
31%
Steeple of Atmospheric Powers
30%
Steeple of Crystal Ascension
30%
Steeple of Mystical Marine
30%
Tower of Break It, Buy It
30%
Tower of Corner Wedge Climbing
30%
Tower of Cruel and Unusual Punishment
30%
Tower of Cylindrical Extensions
30%
Tower of Fairly Simple Challenges
30%
Tower of Foreign Domains
30%
Tower of Fun and Simple Trials
30%
Tower of Growing Madness
30%
Tower of Guided Trials
30%
Tower of Hazardous Laddering
30%
Tower of Never Ending Fun
30%
Tower of One Two Three Four
30%
Tower of Quirky Contraptions
30%
Tower of Resonant Landscapes
30%
Tower of Rough Waters
30%
Steeple of Cheesy Vengeance
28%
Steeple of Guiding Lights
28%
Steeple of Two Minute Noodles
28%
Tower of Anticlimactic Outcomes
28%
Tower of Arrantly Bodeful Cavern Depths
28%
Tower of Cone Mesh Climbing
28%
Tower of Destructive Fever
28%
Tower of Dimensional Hopping
28%
Tower of Fleeing From Everything Ending
28%
Tower of High Power
28%
Tower of Unhealthy Escalation
28%
Tower of Wanting More Time
28%
Tower of Whisking It All
28%
Steeple of Dusty Dunes
27%
Steeple of Itsy Bitsy
27%
Steeple of Overgrown Ascension
27%
Steeple of Witch Calamity
27%
Tower of Cogs and Steam
27%
Tower of Diverging Layers
27%
Tower of Galactic Voyage
27%
Tower of Hefty Magnitude
27%
Tower of Mechanically Induced Mayhem
27%
Tower of Voyaging Into The Earth
27%
Tower of Warranted Retribution
27%
Steeple of Abyssal Upturn
26%
Steeple of Balloon Commune
26%
Steeple of Forlorn Blizzard
26%
Tower of Bright Serenity
26%
Tower of Client Object Frenzy
26%
Tower of Swift and Precise Sections
26%
Steeple of Resort In Stasis
24%
Steeple of Ruinous Abate
24%
Tower of Fractal Volution
24%
Tower of Pursuit Led Astray
24%
Tower of Stairs To Spare
24%
Tower of Two Sided Troubles
24%
Tower of X Madness
24%
Steeple of Astounding Sorcery
23%
Steeple of Sunny Island Shenanigans
23%
Steeple of Underlying Breezes
23%
Steeple of Upright Cliffs
23%
Tower of Furious Chicken Brawl
23%
Tower of Infiltrated Ruins
23%
Tower of Time and Space Manipulation
23%
Steeple of After-Life Detention
22%
Steeple of Magical Elements
22%
Steeple of The Manufactured Monstrosity
22%
Tower of Sugar Rush Deluxe
22%
Tower of Up Is Down
22%
Tower of Call It A Day
20%
Steeple of Biome Traversing
19%
Steeple of Cliffside Falls
19%
Steeple of Twisted Crystals
19%
Tower of A Disillusioned Existence
19%
Tower of The Despondent Fortress
19%
Tower of A Tetromino DIsaster
18%
Tower of Dusk To Dawn
18%
Steeple of Desolate Isles
16%
Steeple of Realm Odyssey
15%
Steeple of Undersea Voyage
15%
Tower of Expecting The Unexpected
15%
Steeple of Hallucinatory Spectacles
14%
No matching quizzes found
Score Distribution
Percent of People with Each Score
Percentile by Number Answered
Your Score History
You have not taken this quiz since the last reset